| 000 | 00731nam a2200253 4500 | ||
|---|---|---|---|
| 001 | 5883 | ||
| 003 | BD-RjUL | ||
| 005 | 20211208234139.0 | ||
| 008 | 14 s1967 enk b 001 0 eng d | ||
| 035 | _a(BD-RjUL)5922 | ||
| 040 |
_aBD-RjUL _beng _cBD-RjUL _dBD-RjUL |
||
| 041 | _aeng | ||
| 082 | 0 | 4 |
_216 _a354.54 _bVEC 1967 |
| 100 | 1 |
_aVenkateswaran, R. J. _918487 |
|
| 245 | 1 | 0 |
_aCabinet government in India / _cby R. J. Venkateswaran |
| 260 |
_aLondon : _bAllen & Unwin, _cc1967 |
||
| 300 |
_a200 p. ; _c22 cm. |
||
| 504 | _aIncludes index. | ||
| 504 | _aBibliographical footnotes | ||
| 650 | 0 |
_aCabinet system _zIndia _918488 |
|
| 651 | 0 |
_aIndia _xPolitics and government _y1947- _918489 |
|
| 942 |
_2ddc _cBK |
||
| 999 |
_c5883 _d5883 |
||